Algunas observaciones sobre el yacimiento de mineral de hierro de la mina "Romay", cerca de Albigasta, provincia de Catamarca, (Record no. 26430)

MARC details
000 -LEADER
fixed length control field 01304cam a22002531 4500
001 - CONTROL NUMBER
control field gs 26000015
003 - CONTROL NUMBER IDENTIFIER
control field DLC
005 - DATE AND TIME OF LATEST TRANSACTION
control field 20260227111330.0
008 - FIXED-LENGTH DATA ELEMENTS--GENERAL INFORMATION
fixed length control field 871210s1925 ag af 000 0 spa c
010 ## - LIBRARY OF CONGRESS CONTROL NUMBER
LC control number gs 26000015
035 ## - SYSTEM CONTROL NUMBER
System control number (OCoLC)17215159
040 ## - CATALOGING SOURCE
Original cataloging agency U.S. Geol. survey. Library
Transcribing agency TxDaM
Modifying agency DLC
042 ## - AUTHENTICATION CODE
Authentication code premarc
050 00 - LIBRARY OF CONGRESS CALL NUMBER
Classification number QE231
Item number .A35 no. 11
100 1# - MAIN ENTRY--PERSONAL NAME
Personal name Beder, Robert,
Dates associated with a name 1885-
245 10 - TITLE STATEMENT
Title Algunas observaciones sobre el yacimiento de mineral de hierro de la mina "Romay", cerca de Albigasta, provincia de Catamarca,
Statement of responsibility, etc. por Roberto Beder.
260 ## - PUBLICATION, DISTRIBUTION, ETC.
Place of publication, distribution, etc. Buenos Aires,
Name of publisher, distributor, etc. Talleres gráficos del Ministerio de agricultura de la nación,
Date of publication, distribution, etc. 1925.
300 ## - PHYSICAL DESCRIPTION
Extent 12 p.
Other physical details III pl., tables.
Dimensions 26 cm.
490 0# - SERIES STATEMENT
Series statement Argentine republic. Dirección general de minas, geología e hidrologia. Publicación
Volume/sequential designation n. 11
500 ## - GENERAL NOTE
General note At head of title: República argentina. Ministerio de agricultura de la nación.
501 ## - WITH NOTE
With note With : Sobre los rasgos principales de la glaciacion actual en la Isla Laurie (Archipiélago de las Orcadas del Sur). Buenos Aires : Talleres gráficos del Ministerio de agricultura de la nación, 1925. Bound together subsequent to publication.
Institution to which field applies DLC
650 #0 - SUBJECT ADDED ENTRY--TOPICAL TERM
Topical term or geographic name entry element Mines and mineral resources
Geographic subdivision Argentina
-- Catamarca.
650 #0 - SUBJECT ADDED ENTRY--TOPICAL TERM
Topical term or geographic name entry element Iron mines and mining
Geographic subdivision Argentina
-- Catamarca.

No items available.

Powered by Koha